header

Princess Isabel of Brazil : (Record no. 255849)

MARC details
000 -LEADER
fixed length control field 01294cam a2200349 a 4500
001 - CONTROL NUMBER
control field 12553481
003 - CONTROL NUMBER IDENTIFIER
control field OSt
005 - DATE AND TIME OF LATEST TRANSACTION
control field 20170301104521.0
008 - FIXED-LENGTH DATA ELEMENTS--GENERAL INFORMATION
fixed length control field 011002s2002 deuab b 001 0beng
010 ## - LIBRARY OF CONGRESS CONTROL NUMBER
LC control number 2001054175
020 ## - INTERNATIONAL STANDARD BOOK NUMBER
International Standard Book Number 0842028455 (alk. paper)
International Standard Book Number 0842028463 (pbk. : alk. paper)
040 ## - CATALOGING SOURCE
Original cataloging agency DLC
Transcribing agency DLC
Modifying agency DLC
043 ## - GEOGRAPHIC AREA CODE
Geographic area code s-bl---
050 00 - LIBRARY OF CONGRESS CALL NUMBER
Classification number F2536.I8
Item number B37 2002
082 00 - DEWEY DECIMAL CLASSIFICATION NUMBER
Classification number 981/.04/092
Edition number 21
100 1# - MAIN ENTRY--PERSONAL NAME
Personal name Barman, Roderick J.,
Dates associated with a name 1937-
245 10 - TITLE STATEMENT
Title Princess Isabel of Brazil :
Remainder of title gender and power in the nineteenth century /
Statement of responsibility, etc Roderick J. Barman.
260 ## - PUBLICATION, DISTRIBUTION, ETC. (IMPRINT)
Place of publication, distribution, etc Wilmington, Del. :
Name of publisher, distributor, etc SR Books,
Date of publication, distribution, etc c2002.
300 ## - PHYSICAL DESCRIPTION
Extent xiv, 291 p. ;
Other physical details ill., maps ;
Dimensions 24 cm.
440 #0 - SERIES STATEMENT/ADDED ENTRY--TITLE
Title Latin American silhouettes
504 ## - BIBLIOGRAPHY, ETC. NOTE
Bibliography, etc Includes bibliographical references (p. 273-280) and index.
600 00 - SUBJECT ADDED ENTRY--PERSONAL NAME
Personal name Isabel,
Titles and other words associated with a name Princess of Brazil,
Dates associated with a name 1846-1921.
650 #0 - SUBJECT ADDED ENTRY--TOPICAL TERM
Topical term or geographic name as entry element Sex role
General subdivision Political aspects
Geographic subdivision Brazil.
Topical term or geographic name as entry element Equality
Geographic subdivision Brazil
General subdivision History
Chronological subdivision 19th century.
Topical term or geographic name as entry element Power (Social sciences)
Topical term or geographic name as entry element Princesses
Geographic subdivision Brazil
Form subdivision Biography.
651 #0 - SUBJECT ADDED ENTRY--GEOGRAPHIC NAME
Geographic name Brazil
General subdivision History
Chronological subdivision Empire, 1822-1889.
906 ## - LOCAL DATA ELEMENT F, LDF (RLIN)
a 7
b cbc
c orignew
d 1
e ocip
f 20
g y-gencatlg
942 ## - ADDED ENTRY ELEMENTS (KOHA)
Source of classification or shelving scheme Library of Congress Classification
Koha item type Long Loan Books
Holdings
Withdrawn status Lost status Source of classification or shelving scheme Damaged status Not for loan Collection code Home library Current library Shelving location Date acquired Total Checkouts Full call number Date last seen Price effective from Koha item type
    Library of Congress Classification     Non-fiction Rongo University Library Rongo University Library General Stacks 01/03/2017   F2536.I8 B37 2002 01/03/2017 01/03/2017 Long Loan Books

© 2026 Rongo University
Contact us: librarian | system librarian | Rongo university